[Event "Canadian op"]
[Site "Calgary"]
[Date "2023.07.30"]
[Round "10"]
[White "Yam, Alex"]
[Black "Piasetski, Leon David"]
[Result "1/2-1/2"]
[WhiteElo "2277"]
[BlackElo "2230"]
[PlyCount "61"]
[EventDate "2023.07.22"]
[EventType "swiss"]
[EventRounds "10"]
[EventCountry "CAN"]
[SourceTitle "CBM 215 Extra"]
[Source "ChessBase"]
[SourceDate "2023.09.30"]
[SourceVersion "1"]
[SourceVersionDate "2023.09.30"]
[SourceQuality "1"]

1. d4 Nf6 2. Bf4 d5 3. e3 e6 4. Nd2 Bd6 5. Bg3 0-0 6. Bd3 c5 7. c3 Nc6 8. Ngf3 cxd4 9. exd4 Bxg3 10. hxg3 h6 11. Ne5 Nxe5 12. dxe5 Nd7 13. Nf3 f6 14. Rh5 Qe8 15. g4 f5 16. Rh4 fxg4 17. Rxg4 Rxf3 18. gxf3 Nxe5 19. Rg3 Qf7 20. Bc2 Qf4 21. Qe2 Bd7 22. Qe3 Rf8 23. Qxf4 Rxf4 24. Ke2 g5 25. b3 Be8 26. Ke3 Bh5 27. Rh1 Bxf3 28. Rxh6 Ng4+ 29. Rxg4 Bxg4 30. Rg6+ Kf7 31. Rxg5 1/2-1/2

[Event "Canadian op"]
[Site "Calgary"]
[Date "2023.07.24"]
[Round "4"]
[White "Yam, Alex"]
[Black "Sasata, Alexander"]
[Result "1-0"]
[WhiteElo "2277"]
[BlackElo "1733"]
[PlyCount "67"]
[EventDate "2023.07.22"]
[EventType "swiss"]
[EventRounds "10"]
[EventCountry "CAN"]
[SourceTitle "EXT 2024"]
[Source "ChessBase"]
[SourceDate "2023.10.10"]
[SourceVersion "1"]
[SourceVersionDate "2023.10.10"]
[SourceQuality "1"]

1. e4 e5 2. Nc3 Nf6 3. g3 d5 4. exd5 Nxd5 5. Bg2 Nxc3 6. bxc3 Nc6 7. Nf3 Bd6 8. 0-0 0-0 9. d4 Bf5 10. Rb1 Rb8 11. Be3 exd4 12. Nxd4 Nxd4 13. cxd4 b6 14. Rb2 Qd7 15. c4 h5 16. c5 bxc5 17. Rxb8 Rxb8 18. dxc5 Be5 19. Qxh5 Rb1 20. h4 Rb8 21. c6 Qe6 22. Qf3 Rb4 23. Qd5 Ra4 24. Re1 f6 25. Bf4 Kf7 26. Qb5 Rd4 27. Bxe5 Bd3 28. Qa5 fxe5 29. Qxc7+ Kf6 30. Bh3 Bf5 31. Bxf5 Qxf5 32. Qxa7 Rg4 33. c7 e4 34. Qa6+ 1-0

[Event "Alberta op"]
[Site "Calgary"]
[Date "2016.10.10"]
[Round "5"]
[White "Yam, Alex"]
[Black "Findlay, Ian T"]
[Result "0-1"]
[WhiteElo "2294"]
[BlackElo "2231"]
[PlyCount "124"]
[EventDate "2016.10.08"]
[EventType "swiss"]
[EventRounds "6"]
[EventCountry "CAN"]
[SourceTitle "EXT 2018"]
[Source "ChessBase"]
[SourceDate "2017.10.13"]
[SourceVersion "1"]
[SourceVersionDate "2017.10.13"]
[SourceQuality "1"]

1. Nf3 Nf6 2. d4 e6 3. Bf4 d5 4. Nbd2 Bd6 5. Bg3 c5 6. c3 Nc6 7. e3 0-0 8. Bd3 b6 9. 0-0 Bb7 10. Re1 Ne7 11. Ne5 Ne4 12. Bxe4 dxe4 13. Ndc4 Bc7 14. dxc5 Bd5 15. Nd6 bxc5 16. Nb5 Bb8 17. Qa4 Nf5 18. Nc4 Nxg3 19. hxg3 h5 20. Na5 a6 21. Na3 h4 22. g4 Qc7 23. c4 Bb7 24. Nxb7 Qxb7 25. Qc2 f5 26. Nb1 Qc7 27. Nd2 Qh2+ 28. Kf1 h3 29. gxh3 Qxh3+ 30. Ke2 Qxg4+ 31. Kf1 Rf6 32. Qd1 Qh3+ 33. Ke2 Be5 34. Rh1 Qg4+ 35. Kf1 Qg6 36. Qc2 Rd8 37. Re1 Qe8 38. Re2 Qc6 39. Nb3 Rf7 40. Kg2 Rfd7 41. Rd2 Rxd2 42. Nxd2 Qb6 43. Rb1 Qb4 44. Nf1 Rd3 45. b3 Qc3 46. Qe2 g6 47. Rd1 Qb2 48. Qxb2 Bxb2 49. Rxd3 exd3 50. f4 e5 51. fxe5 Bxe5 52. Kf3 g5 53. e4 g4+ 54. Ke3 g3 55. Nd2 Bc3 56. Nf3 d2 57. Ke2 fxe4 58. Nh4 Kf7 59. Ng2 Kf6 60. Ne3 Kg5 61. Nd1 Bd4 62. Kf1 Kf4 0-1

[Event "CAN-ch"]
[Site "Guelph"]
[Date "2015.07.14"]
[Round "7"]
[White "Yam, Alex"]
[Black "Krnan, Tomas"]
[Result "0-1"]
[WhiteElo "2306"]
[BlackElo "2428"]
[PlyCount "46"]
[EventDate "2015.07.10"]
[EventType "swiss"]
[EventRounds "9"]
[EventCountry "CAN"]
[SourceTitle "CBM 167 Extra"]
[Source "ChessBase"]
[SourceDate "2015.09.14"]
[SourceVersion "1"]
[SourceVersionDate "2015.09.14"]
[SourceQuality "1"]

1. e4 e5 2. Nc3 Nf6 3. f4 d5 4. fxe5 Nxe4 5. Nf3 Bc5 6. d4 Bb4 7. Bd2 Bg4 8. Be2 Nc6 9. 0-0 0-0 10. Kh1 f5 11. exf6 Rxf6 12. Be1 Bxc3 13. bxc3 Qd6 14. Qd3 Rh6 15. h3 Bxh3 16. gxh3 Rxh3+ 17. Kg2 Qe6 18. Rg1 Rf8 19. Kf1 Rh2 20. Bg3 Rxf3+ 21. Bxf3 Nd2+ 22. Qxd2 Rxd2 23. c4 Qf6 0-1

[Event "CAN-ch"]
[Site "Guelph"]
[Date "2015.07.12"]
[Round "5"]
[White "Yam, Alex"]
[Black "Dougherty, Michael J"]
[Result "1-0"]
[WhiteElo "2306"]
[BlackElo "2123"]
[PlyCount "63"]
[EventDate "2015.07.10"]
[EventType "swiss"]
[EventRounds "9"]
[EventCountry "CAN"]
[SourceTitle "CBM 167 Extra"]
[Source "ChessBase"]
[SourceDate "2015.09.14"]
[SourceVersion "1"]
[SourceVersionDate "2015.09.14"]
[SourceQuality "1"]

1. e4 g6 2. d4 Bg7 3. c4 d6 4. Nc3 Nf6 5. Nf3 0-0 6. h3 e5 7. d5 Na6 8. Bd3 Nh5 9. g3 Qe8 10. Nh4 Nc5 11. Be2 Nf6 12. Qc2 a5 13. Be3 a4 14. 0-0-0 a3 15. b3 Na6 16. Kb1 Nd7 17. Rdg1 Ndc5 18. g4 c6 19. Qd2 Nb4 20. Nf5 Bxf5 21. gxf5 cxd5 22. cxd5 Qd8 23. h4 Qa5 24. h5 Rfc8 25. Bc4 Nxa2 26. Kxa2 b5 27. Nxb5 Nxb3 28. Bxb3 Qxb5 29. hxg6 fxg6 30. fxg6 h6 31. Bxh6 Bxh6 32. Rxh6 1-0

[Event "CAN-ch"]
[Site "Guelph"]
[Date "2015.07.10"]
[Round "1"]
[White "Yam, Alex"]
[Black "Filipovich, David"]
[Result "1-0"]
[WhiteElo "2306"]
[BlackElo "2044"]
[PlyCount "43"]
[EventDate "2015.07.10"]
[EventType "swiss"]
[EventRounds "9"]
[EventCountry "CAN"]
[SourceTitle "CBM 167 Extra"]
[Source "ChessBase"]
[SourceDate "2015.09.14"]
[SourceVersion "1"]
[SourceVersionDate "2015.09.14"]
[SourceQuality "1"]

1. e4 c6 2. c4 d5 3. cxd5 cxd5 4. exd5 Nf6 5. Bb5+ Nbd7 6. Nc3 a6 7. Be2 Nb6 8. d4 Nbxd5 9. Nf3 e6 10. 0-0 Be7 11. Ne5 0-0 12. Bg5 h6 13. Bc1 Qc7 14. Qd3 b5 15. Nxd5 Nxd5 16. Qg3 f6 17. Bxh6 Bd6 18. f4 fxe5 19. fxe5 Rxf1+ 20. Rxf1 Bf8 21. Bd3 Nb4 22. Bb1 1-0

[Event "Edmonton 9th"]
[Site "Edmonton"]
[Date "2014.06.21"]
[Round "1"]
[White "Shankland, Samuel L"]
[Black "Yam, Alex"]
[Result "1-0"]
[WhiteElo "2632"]
[BlackElo "2299"]
[PlyCount "81"]
[EventDate "2014.06.21"]
[EventType "tourn"]
[EventRounds "9"]
[EventCountry "CAN"]
[EventCategory "10"]
[SourceTitle "CBM 161 Extra"]
[Source "ChessBase"]
[SourceDate "2014.08.29"]
[SourceVersion "1"]
[SourceVersionDate "2014.08.29"]
[SourceQuality "1"]

1. d4 Nf6 2. c4 e6 3. Nf3 Bb4+ 4. Nbd2 0-0 5. a3 Bxd2+ 6. Qxd2 d6 7. e3 Nbd7 8. Be2 e5 9. Qc2 Qe7 10. 0-0 Re8 11. b4 e4 12. Nd2 Nf8 13. d5 Bg4 14. Nb3 Ng6 15. Nd4 Bxe2 16. Qxe2 Qe5 17. Kh1 b5 18. cxb5 Qxd5 19. Bb2 Ne5 20. Rac1 Nd3 21. Rxc7 Qa2 22. Bc3 Qxe2 23. Nxe2 Nd5 24. Rc6 Rac8 25. Bd4 Rxc6 26. bxc6 a6 27. Ng3 g6 28. Kg1 f5 29. f3 exf3 30. gxf3 Ne5 31. Bxe5 dxe5 32. e4 Ne7 33. Rc1 Kf7 34. exf5 gxf5 35. a4 Ke6 36. b5 axb5 37. axb5 Nd5 38. c7 Kd7 39. Rd1 Ke6 40. b6 Nxb6 41. Rd8 1-0

[Event "Alberta-ch"]
[Site "Edmonton "]
[Date "2014.04.20"]
[Round "5"]
[White "Yam, Alex"]
[Black "Gardner, Robert"]
[Result "1-0"]
[WhiteElo "2278"]
[BlackElo "2173"]
[PlyCount "157"]
[EventDate "2014.04.18"]
[EventType "tourn"]
[EventRounds "5"]
[EventCountry "CAN"]
[EventCategory "1"]
[SourceTitle "EXT 2016"]
[Source "ChessBase"]
[SourceDate "2015.10.08"]
[SourceVersion "1"]
[SourceVersionDate "2015.10.08"]
[SourceQuality "1"]

1. e4 g6 2. d4 c6 3. c4 d5 4. exd5 cxd5 5. Nc3 Nf6 6. cxd5 Nxd5 7. Qb3 Nxc3 8. bxc3 Bg7 9. Nf3 0-0 10. Be2 Nc6 11. 0-0 Na5 12. Qa3 Be6 13. Bg5 f6 14. Bf4 Rc8 15. Rfe1 Rf7 16. Nd2 Bd5 17. Bf1 a6 18. Rac1 Nc4 19. Qb4 b5 20. a4 Bf8 21. Qb1 bxa4 22. Nxc4 Bxc4 23. Bxc4 Rxc4 24. Qd3 Qc8 25. g3 e6 26. h4 a3 27. Bd2 Rb7 28. h5 Kf7 29. Re4 f5 30. Re2 Qc6 31. Rce1 a2 32. Ra1 Ra4 33. hxg6+ hxg6 34. Be1 Qd5 35. Qc2 Qc4 36. Rxa2 Rxa2 37. Qxa2 Qxa2 38. Rxa2 Rb6 39. Kf1 Ke7 40. c4 Kd7 41. c5 Rc6 42. f4 Bg7 43. Bf2 Kc8 44. Ke2 Bf6 45. Kd3 Bd8 46. Be1 g5 47. Kc4 Kd7 48. Rh2 gxf4 49. gxf4 Be7 50. Ba5 Rc8 51. Rh7 Ke8 52. Bb6 Bd8 53. Rh8+ Kd7 54. Bxd8 Rxd8 55. Rh7+ Kc6 56. Ra7 Rh8 57. Rxa6+ Kd7 58. d5 exd5+ 59. Kxd5 Rh1 60. Ra7+ Ke8 61. Ke6 Re1+ 62. Kxf5 Rc1 63. Rc7 Kd8 64. Rc6 Kd7 65. Rd6+ Ke7 66. Rd5 Rg1 67. Re5+ Kf7 68. Ke4 Rd1 69. c6 Rd8 70. Rc5 Ke6 71. f5+ Kf6 72. c7 Rc8 73. Rc6+ Ke7 74. Ke5 Kd7 75. Rc1 Ke7 76. f6+ Kf7 77. Kf5 Rh8 78. Ke5 Rc8 79. Kd6 1-0

[Event "Edmonton Northern Alberta op"]
[Site "Edmonton"]
[Date "2014.02.15"]
[Round "2.2"]
[White "Nguyen, Kim"]
[Black "Yam, Alex"]
[Result "1-0"]
[WhiteElo "2081"]
[BlackElo "2369"]
[PlyCount "93"]
[EventDate "2014.02.15"]
[EventType "swiss"]
[EventRounds "5"]
[EventCountry "CAN"]
[SourceTitle "EXT 2022"]
[Source "ChessBase"]
[SourceDate "2021.10.06"]
[SourceVersion "1"]
[SourceVersionDate "2021.10.06"]
[SourceQuality "1"]

1. e4 c5 2. Nf3 e6 3. b3 Nc6 4. Bb2 Nge7 5. c4 d6 6. d4 cxd4 7. Nxd4 Nxd4 8. Qxd4 Nc6 9. Qd2 a6 10. g3 Rb8 11. Bg2 b5 12. cxb5 axb5 13. 0-0 Qb6 14. Re1 Bb7 15. a3 Rd8 16. Bc3 Ra8 17. Qb2 e5 18. Bd2 b4 19. Be3 Qa5 20. a4 Be7 21. Nd2 0-0 22. Nc4 Qc7 23. Nb6 Ra5 24. Nd5 Qd7 25. Rad1 Rb8 26. Bb6 Bd8 27. Bxa5 Bxa5 28. Bf1 Nd4 29. Rxd4 exd4 30. Qxd4 Bxd5 31. Qxd5 Bb6 32. Rd1 Qa7 33. Rd2 Bc5 34. Bc4 Re8 35. Kg2 g6 36. Rd3 Re7 37. Rf3 Kg7 38. h4 Qb7 39. a5 Qxd5 40. Bxd5 f6 41. a6 Re5 42. Rd3 f5 43. f3 fxe4 44. fxe4 Re7 45. Rd1 Kf6 46. Kf3 Ke5 47. Ke2 1-0

[Event "Calgary op"]
[Site "Calgary"]
[Date "2013.05.15"]
[Round "3"]
[White "Van Kampen, Robin"]
[Black "Yam, Alex"]
[Result "1-0"]
[WhiteElo "2580"]
[BlackElo "2283"]
[PlyCount "53"]
[EventDate "2013.05.14"]
[EventType "swiss"]
[EventRounds "9"]
[EventCountry "CAN"]
[SourceTitle "CBM 154 Extra"]
[Source "ChessBase"]
[SourceDate "2013.06.25"]
[SourceVersion "2"]
[SourceVersionDate "2013.06.25"]
[SourceQuality "1"]

1. e4 d5 2. exd5 Nf6 3. Bb5+ Bd7 4. Bc4 b5 5. Bb3 Bg4 6. f3 Bc8 7. d4 Nxd5 8. Ne2 e6 9. Nbc3 a6 10. a4 b4 11. Nxd5 exd5 12. 0-0 Be7 13. Nf4 c6 14. a5 0-0 15. Bd2 Ra7 16. Nd3 Bf6 17. Be3 Rb7 18. Qd2 Kh8 19. Rfe1 Rb5 20. Ba4 Rb7 21. Nc5 Re7 22. Qxb4 Bf5 23. Bf4 g5 24. Bg3 h5 25. Rxe7 Bxe7 26. Re1 Nd7 27. Bxc6 1-0

[Event "Calgary op"]
[Site "Calgary"]
[Date "2013.05.14"]
[Round "1"]
[White "Cao, Jason"]
[Black "Yam, Alex"]
[Result "1/2-1/2"]
[WhiteElo "2026"]
[BlackElo "2283"]
[PlyCount "163"]
[EventDate "2013.05.14"]
[EventType "swiss"]
[EventRounds "9"]
[EventCountry "CAN"]
[SourceTitle "CBM 154 Extra"]
[Source "ChessBase"]
[SourceDate "2013.06.25"]
[SourceVersion "2"]
[SourceVersionDate "2013.06.25"]
[SourceQuality "1"]

1. e4 c5 2. Nf3 e6 3. d4 cxd4 4. Nxd4 a6 5. Bd3 Nf6 6. 0-0 Qc7 7. Qe2 d6 8. c4 Be7 9. Nc3 0-0 10. Kh1 Nc6 11. Nxc6 bxc6 12. f4 e5 13. fxe5 dxe5 14. Be3 Rb8 15. h3 Nd7 16. b3 Bc5 17. Na4 Bd4 18. Rac1 c5 19. Nc3 Bxc3 20. Rxc3 Rb6 21. Bc2 Re8 22. Bg1 Nf8 23. Rcf3 Re7 24. Rg3 Ne6 25. Be3 Nd4 26. Qf2 Rd6 27. Bd1 Bb7 28. Bg5 f6 29. Bxf6 Rf7 30. Rxg7+ Rxg7 31. Bxe5 Qe7 32. Bxg7 Qxg7 33. Qf4 Rd8 34. Qh4 Ne6 35. Bg4 Ng5 36. Rf5 h6 37. Rxc5 Bxe4 38. Qg3 Rd2 39. Rc8+ Kh7 40. Rc7 Nf7 41. Qe1 Bxg2+ 42. Kh2 Be4+ 43. Qxd2 Qe5+ 44. Kg1 Qxc7 45. Qf2 Kg7 46. Bf3 Bg6 47. Bd5 Ng5 48. Qd4+ Kh7 49. Qe3 Qg7 50. h4 Ne4 51. Bxe4 Bxe4+ 52. Kf2 Qf6+ 53. Ke2 Qb2+ 54. Qd2 Qxd2+ 55. Kxd2 Kg6 56. b4 Bc6 57. Kc3 Kh5 58. Kd4 Kxh4 59. Kc5 Bf3 60. b5 axb5 61. cxb5 Kg5 62. a4 Kf6 63. a5 Ke7 64. Kd4 Be2 65. b6 Ba6 66. Ke5 Bc8 67. Kd5 Bb7+ 68. Ke5 Bc8 69. Kd5 Kd7 70. Ke5 Kc6 71. Kf6 Bg4 72. Kg6 h5 73. Kg5 Kb7 74. Kh4 Be2 75. Kg5 Bf3 76. Kh4 Ka6 77. Kg5 Be2 78. Kh4 Kb7 79. Kg5 Kc8 80. Kh4 Kd8 81. Kg5 Bf3 82. Kh4 1/2-1/2

[Event "Alberta-ch"]
[Site "Calgary"]
[Date "2013.03.31"]
[Round "4"]
[White "Porper, Edward"]
[Black "Yam, Alex"]
[Result "1-0"]
[WhiteElo "2494"]
[BlackElo "2380"]
[PlyCount "71"]
[EventDate "2013.03.29"]
[EventType "tourn"]
[EventRounds "5"]
[EventCountry "CAN"]
[EventCategory "7"]
[SourceTitle "EXT 2014"]
[Source "ChessBase"]
[SourceDate "2013.11.20"]
[SourceVersion "1"]
[SourceVersionDate "2013.11.20"]
[SourceQuality "1"]

1. d4 f5 2. g3 Nf6 3. Bg2 g6 4. Nc3 Bg7 5. e4 fxe4 6. Nxe4 Nxe4 7. Bxe4 0-0 8. c3 Nc6 9. Qb3+ Kh8 10. h4 e5 11. h5 g5 12. d5 Na5 13. Qd1 h6 14. Qe2 c6 15. d6 b5 16. Be3 Nb7 17. 0-0-0 Rf6 18. Bb1 Nxd6 19. f4 gxf4 20. gxf4 exf4 21. Bd4 Re6 22. Qc2 Ne4 23. Nf3 d5 24. Rhg1 Bxd4 25. Nxd4 Rd6 26. Nxc6 Qb6 27. Nd4 Be6 28. Qg2 Rg8 29. Qf3 Rxg1 30. Rxg1 Rc6 31. Qxf4 Ng5 32. Qf6+ Kg8 33. Qg6+ Kf8 34. Qxh6+ Ke8 35. Qh8+ Kd7 36. Rxg5 1-0

[Event "Alberta-ch"]
[Site "Calgary"]
[Date "2013.03.30"]
[Round "3"]
[White "Yam, Alex"]
[Black "Wang, Richard"]
[Result "1-0"]
[WhiteElo "2380"]
[BlackElo "2460"]
[PlyCount "77"]
[EventDate "2013.03.29"]
[EventType "tourn"]
[EventRounds "5"]
[EventCountry "CAN"]
[EventCategory "7"]
[SourceTitle "EXT 2014"]
[Source "ChessBase"]
[SourceDate "2013.11.20"]
[SourceVersion "1"]
[SourceVersionDate "2013.11.20"]
[SourceQuality "1"]

1. e4 c5 2. Nf3 g6 3. c3 d5 4. exd5 Qxd5 5. d4 Bg7 6. dxc5 Qxc5 7. Na3 Bxc3+ 8. bxc3 Qxc3+ 9. Qd2 Qxa1 10. Bc4 Qg7 11. Ng5 Nf6 12. Bxf7+ Qxf7 13. Nxf7 Kxf7 14. Nc4 Nc6 15. f4 Bf5 16. Ne5+ Kg7 17. Nxc6 bxc6 18. 0-0 Rhd8 19. Qc3 Rac8 20. Re1 Rc7 21. Ba3 Kf7 22. Qe5 Rdd7 23. h3 h5 24. Kh2 Rb7 25. Qc5 Rbc7 26. Qe5 Rb7 27. Qc5 Rbc7 28. Re5 Nd5 29. Kg3 Nf6 30. Kh4 Kg7 31. Bb4 Kf7 32. Ba5 Rc8 33. Bb4 Rcc7 34. Qc4+ Kg7 35. Bc3 Bd3 36. Qc5 Kf7 37. Ba5 Rc8 38. Bb4 Nd5 39. Rxd5 1-0

[Event "Edmonton Fall Sectional A"]
[Site "Edmonton"]
[Date "2012.10.28"]
[Round "4"]
[White "Yam, Alex"]
[Black "Porper, Edward"]
[Result "1/2-1/2"]
[WhiteElo "2267"]
[BlackElo "2413"]
[PlyCount "85"]
[EventDate "2012.10.26"]
[EventType "tourn"]
[EventRounds "5"]
[EventCountry "CAN"]
[SourceTitle "EXT 2022"]
[Source "ChessBase"]
[SourceDate "2021.10.06"]
[SourceVersion "1"]
[SourceVersionDate "2021.10.06"]
[SourceQuality "1"]

1. e4 Nf6 2. e5 Nd5 3. d4 d6 4. Nf3 c6 5. c4 Nc7 6. Nc3 Bg4 7. exd6 exd6 8. h3 Bf5 9. Be3 Be7 10. Bd3 Bxd3 11. Qxd3 Nd7 12. 0-0 0-0 13. Rfb1 a5 14. b3 Ne6 15. a3 Nf6 16. b4 axb4 17. axb4 d5 18. c5 b5 19. Ne5 Qc7 20. f4 Rfe8 21. f5 Nf8 22. Bf4 Qb7 23. Qf1 Nh5 24. Bh2 Bg5 25. Kh1 Bd2 26. Qd3 Bxc3 27. Qxc3 Nf6 28. Qb2 Ne4 29. g4 f6 30. Nd3 Ng5 31. Nf2 Qe7 32. Bf4 Rxa1 33. Rxa1 Ne4 34. Nd3 Ng3+ 35. Bxg3 Qe4+ 36. Kh2 Qxd3 37. Re1 Rxe1 38. Bxe1 h5 39. Qf2 hxg4 40. hxg4 Qe4 41. Kg3 Kf7 42. Bd2 g5 43. Qe3 1/2-1/2

[Event "Edmonton Fall Sectional A"]
[Site "Edmonton"]
[Date "2012.10.27"]
[Round "3"]
[White "Hambleton, Aman"]
[Black "Yam, Alex"]
[Result "1-0"]
[WhiteElo "2348"]
[BlackElo "2267"]
[PlyCount "77"]
[EventDate "2012.10.26"]
[EventType "tourn"]
[EventRounds "5"]
[EventCountry "CAN"]
[SourceTitle "EXT 2022"]
[Source "ChessBase"]
[SourceDate "2021.10.06"]
[SourceVersion "1"]
[SourceVersionDate "2021.10.06"]
[SourceQuality "1"]

1. d4 Nf6 2. c4 e6 3. Nc3 c5 4. d5 exd5 5. cxd5 d6 6. e4 g6 7. h3 Bg7 8. Nf3 0-0 9. Bd3 b5 10. Nxb5 Re8 11. 0-0 Nxe4 12. Re1 a6 13. Na3 Nf6 14. Rxe8+ Nxe8 15. Bg5 Qc7 16. Qa4 Nf6 17. Re1 Nbd7 18. Qc6 Qb8 19. Nc4 Bb7 20. Qxd6 Qxd6 21. Nxd6 Bxd5 22. b3 a5 23. Bb5 Nb6 24. Nc4 Nxc4 25. bxc4 Be6 26. a4 h6 27. Be3 Bf8 28. Nd2 Nd7 29. Nb3 Nb6 30. Rc1 Bd7 31. Nxc5 Bxb5 32. cxb5 Rc8 33. Kf1 f5 34. Ne6 Rxc1+ 35. Bxc1 Bb4 36. Be3 Nxa4 37. b6 Bd6 38. b7 g5 39. Ba7 1-0

[Event "Edmonton Fall Sectional A"]
[Site "Edmonton"]
[Date "2012.10.26"]
[Round "1"]
[White "Wang, Richard"]
[Black "Yam, Alex"]
[Result "1-0"]
[WhiteElo "2356"]
[BlackElo "2267"]
[PlyCount "123"]
[EventDate "2012.10.26"]
[EventType "tourn"]
[EventRounds "5"]
[EventCountry "CAN"]
[SourceTitle "EXT 2022"]
[Source "ChessBase"]
[SourceDate "2021.10.06"]
[SourceVersion "1"]
[SourceVersionDate "2021.10.06"]
[SourceQuality "1"]

1. d4 Nf6 2. Nf3 c5 3. d5 e6 4. c4 d6 5. Nc3 exd5 6. cxd5 a6 7. a4 g6 8. h3 Bg7 9. e4 Nbd7 10. Bd3 Nh5 11. Bg5 Bf6 12. Be3 Ne5 13. Be2 Nxf3+ 14. Bxf3 Ng7 15. 0-0 0-0 16. Qd2 Be5 17. Bf4 Re8 18. Rfe1 Bd7 19. a5 b5 20. axb6 Qxb6 21. Bxe5 Rxe5 22. Bd1 Rae8 23. f4 R5e7 24. Bf3 Kf8 25. Qe2 Bb5 26. Nxb5 axb5 27. Qd2 Ra7 28. Rxa7 Qxa7 29. Kh2 f6 30. Qc3 Qe7 31. Re2 Kf7 32. Qb3 Qd7 33. Qc3 Re7 34. Qe1 Qc7 35. Qh4 h5 36. g4 hxg4 37. Qxg4 f5 38. Qg5 fxe4 39. Bxe4 Rxe4 40. Rxe4 c4 41. Re3 Qd7 42. Qg4 Qf5 43. Qxf5+ Nxf5 44. Ra3 Ne7 45. Ra7 b4 46. Rc7 c3 47. bxc3 bxc3 48. Kg3 Kf6 49. Rxc3 Nxd5 50. Rd3 Ke6 51. Kg4 Nf6+ 52. Kg5 Kf7 53. f5 gxf5 54. Kxf5 Ne8 55. Kg5 Ke6 56. Kg6 d5 57. h4 Nd6 58. h5 Nf5 59. h6 Nxh6 60. Re3+ Kd6 61. Kxh6 d4 62. Re1 1-0

[Event "CAN-ch op 49th"]
[Site "Victoria"]
[Date "2012.07.10"]
[Round "6"]
[White "Calugar, Arthur"]
[Black "Yam, Alex"]
[Result "1/2-1/2"]
[WhiteElo "2273"]
[BlackElo "2252"]
[PlyCount "102"]
[EventDate "2012.07.08"]
[EventType "swiss"]
[EventRounds "9"]
[EventCountry "CAN"]
[SourceTitle "CBM 149 Extra"]
[Source "ChessBase"]
[SourceDate "2012.08.24"]
[SourceVersion "1"]
[SourceVersionDate "2012.08.24"]
[SourceQuality "1"]

1. Nf3 Nf6 2. b3 g6 3. Bb2 Bg7 4. g3 0-0 5. Bg2 c5 6. 0-0 Nc6 7. d4 d5 8. e3 Ne4 9. Ne5 Qc7 10. Nxc6 bxc6 11. Nd2 f5 12. f3 Nd6 13. Qe2 a5 14. c4 Ba6 15. Rfe1 Qa7 16. Qd3 Rab8 17. Bc3 Rfd8 18. dxc5 dxc4 19. Qc2 Bxc3 20. Qxc3 Qxc5 21. Rac1 Qb4 22. Bf1 a4 23. Qxb4 Rxb4 24. Rc3 axb3 25. axb3 c5 26. Rec1 Nb5 27. Bxc4+ Rxc4 28. Nxc4 Nxc3 29. Rxc3 Bxc4 30. Rxc4 Rd3 31. Kf2 Rxb3 32. Rxc5 Rb2+ 33. Kg1 Re2 34. Re5 Kf7 35. h4 Kf6 36. f4 h6 37. Kf1 Rd2 38. Ra5 e6 39. Ra7 Rb2 40. Rc7 g5 41. hxg5+ hxg5 42. Ra7 Rc2 43. Rb7 Ra2 44. Rc7 Kg6 45. Re7 Ra6 46. Kg2 Kh5 47. Kf3 Ra2 48. fxg5 Ra6 49. Rg7 Ra4 50. g6 Rg4 51. Rg8 Rxg6 1/2-1/2